00478nam a22001697a 450000500170000000800410001701000140005802000150007202000160008703500130010308200180011624500790013426000510021326000090026430000150027370000200028820081102220636.0081102t xxu||||| |||| 00| 0 eng d aENG-84601 a8189557343 c700.00 (hb) aEN-68134 a370.195 / COM aA Comprehensive history of world educational thoughtcedited by R K Chopra aNew DelhibArise Publishers and Distributors c2006 a280pc22cm aChopra, R Kced